000 00473nam a2200193Ia 4500
008 240510s9999 xx 000 0 und d
020 _a0001850580723
041 _aEng
082 _a005.115
082 _bK55
100 _aKONOMENKO L.N. & LAVRAC, N
245 0 _aPROLOG THROUGH EXAMPLES : A PRACTICAL PROGRAMMING GUIDE
260 _bU.K. : SIGMA PRESS
260 _c1988
300 _a197 p.
650 _aPROLOG : PROGRAMMING
942 _2ddc
942 _cRBK
999 _c26589
_d26589
945 _a1
_bMadushi Gamage
_c1
_dMadushi Gamage